[Event "XIX Najdorf Memorial 2019"]
[Site "Warsaw"]
[Date "2019.07.08"]
[Round "3.9"]
[White "Goslawski, Michal"]
[Black "Janik, Igor"]
[Result "1/2-1/2"]
[WhiteElo "2091"]
[BlackElo "2495"]
[Annotator "ChessBase"]
[PlyCount "117"]
[EventDate "2019.07.06"]
[EventType "swiss"]
[EventCountry "POL"]
[SourceTitle "playchess.com"]
[Source "ChessBase"]
[SourceQuality "1"]
[TimeControl "40/5400+30:1800+30"]

1. Nf3 {[%emt 0:00:00]} d5 {[%emt 0:00:00]} 2. g3 {[%emt 0:00:00]} Nf6 {[%emt 0:00:00]} 3. Bg2 {[%emt 0:00:04]} c6 {[%emt 0:00:25]} 4. c4 {[%emt 0:00:13]} g6 {[%emt 0:00:09]} 5. b3 {[%emt 0:01:07]} Bg7 {[%emt 0:00:10]} 6. Bb2 {[%emt 0:00:04]} O-O {[%emt 0:00:08]} 7. O-O {[%emt 0:00:16]} Bg4 {[%emt 0:00:34]} 8. d3 {[%emt 0:00:21]} Bxf3 {[%emt 0:00:18]} 9. Bxf3 {[%emt 0:00:07]} e6 {[%emt 0:00:13]} 10. Nd2 {[%emt 0:01:36]} a5 {[%emt 0:01:26]} 11. Qc2 {[%emt 0:06:09]} Nbd7 {[%emt 0:01:39]} 12. d4 {[%emt 0:04:01]} a4 {[%emt 0:07:55]} 13. Rfd1 {[%emt 0:07:10]} b5 {[%emt 0:07:21]} 14. Ba3 {[%emt 0:03:42]} Re8 {[%emt 0:03:22]} 15. cxb5 {[%emt 0:10:04]} cxb5 {[%emt 0:00:07]} 16. Bb4 {[%emt 0:10:17]} Qb6 {[%emt 0:03:28]} 17. e3 {[%emt 0:00:16]} Rac8 {[%emt 0:06:05]} 18. Qd3 {[%emt 0:00:57]} e5 {[%emt 0:02:09]} 19. Be2 {[%emt 0:00:10]} exd4 {[%emt 0:01:53]} 20. exd4 {[%emt 0:01:20]} Ne4 {[%emt 0:06:25]} 21. Nf3 {[%emt 0:00:09]} Qe6 {[%emt 0:10:28]} 22. Bf1 {[%emt 0:04:52]} Qf5 {[%emt 0:04:11]} 23. Rac1 {[%emt 0:05:39]} Ndf6 {[%emt 0:02:45]} 24. Be1 {[%emt 0:05:17]} axb3 {[%emt 0:02:06]} 25. axb3 {[%emt 0:00:57]} Rxc1 {[%emt 0:04:03]} 26. Rxc1 {[%emt 0:00:07]} Bh6 {[%emt 0:00:05]} 27. Ra1 {[%emt 0:02:36]} Rb8 {[%emt 0:07:38]} 28. Ne5 {[%emt 0:03:28]} Bf8 {[%emt 0:05:47]} 29. Qf3 {[%emt 0:03:22]} Qe6 {[%emt 0:01:09]} 30. Ra7 {[%emt 0:01:45]} Bc5 {[%emt 0:00:55]} 31. dxc5 {[%emt 0:01:40]} Qxe5 {[%emt 0:00:38]} 32. c6 {[%emt 0:02:43]} d4 {[%emt 0:01:47]} 33. Qf4 {[%emt 0:12:59]} Qxf4 {[%emt 0:00:55]} 34. gxf4 {[%emt 0:00:02]} Nd5 {[%emt 0:02:07]} 35. Ba5 {[%emt 0:04:30]} Nec3 {[%emt 0:01:14]} 36. Rd7 {[%emt 0:00:40]} Rc8 {[%emt 0:00:51]} 37. c7 {[%emt 0:02:14]} Kg7 {[%emt 0:00:16]} 38. Bxb5 {[%emt 0:02:55]} Nxb5 {[%emt 0:02:40]} 39. Rxd5 {[%emt 0:00:07]} Nxc7 {[%emt 0:00:01]} 40. Rc5 {[%emt 0:00:00]} d3 {[%emt 0:00:00]} 41. Kf1 {[%emt 0:02:45]} Rd8 {[%emt 0:00:22]} 42. Rxc7 {[%emt 0:07:09]} d2 {[%emt 0:00:05]} 43. Bc3+ {[%emt 0:00:06]} Kf8 {[%emt 0:00:09]} 44. Bxd2 {[%emt 0:00:55]} Rxd2 {[%emt 0:00:03]} 45. Rc3 {[%emt 0:05:36]} Rb2 {[%emt 0:00:47]} 46. Kg2 {[%emt 0:00:40]} Kg7 {[%emt 0:00:54]} 47. Kf3 {[%emt 0:00:25]} h5 {[%emt 0:00:49]} 48. Ke3 {[%emt 0:00:21]} Kf6 {[%emt 0:02:06]} 49. h3 {[%emt 0:00:23]} Rb1 {[%emt 0:00:40]} 50. Ke4 {[%emt 0:01:29]} Re1+ {[%emt 0:00:21]} 51. Re3 {[%emt 0:03:07]} Rf1 {[%emt 0:00:07]} 52. Rf3 {[%emt 0:00:36]} Re1+ {[%emt 0:00:14]} 53. Kd4 {[%emt 0:01:19]} Rd1+ {[%emt 0:00:52]} 54. Kc4 {[%emt 0:01:53]} Kf5 {[%emt 0:00:12]} 55. b4 {[%emt 0:01:16]} Ke4 {[%emt 0:00:06]} 56. Rb3 {[%emt 0:01:28]} Rd2 {[%emt 0:01:07]} 57. b5 {[%emt 0:02:12]} Rxf2 {[%emt 0:00:21]} 58. b6 {[%emt 0:00:15]} Rc2+ {[%emt 0:00:03]} 59. Kb5 1/2-1/2

[Event "XIX Najdorf Memorial 2019"]
[Site "Warsaw"]
[Date "2019.07.08"]
[Round "3.10"]
[White "Kanarek, Marcel"]
[Black "Socko, Monika"]
[Result "0-1"]
[WhiteElo "2493"]
[BlackElo "2443"]
[Annotator "ChessBase"]
[PlyCount "154"]
[EventDate "2019.07.06"]
[EventType "swiss"]
[EventCountry "POL"]
[SourceTitle "playchess.com"]
[Source "ChessBase"]
[SourceQuality "1"]
[TimeControl "40/5400+30:1800+30"]

1. e4 {[%emt 0:00:00]} e6 {[%emt 0:00:00]} 2. d4 {[%emt 0:00:00]} d5 {[%emt 0:00:00]} 3. Nd2 {[%emt 0:00:00]} Be7 {[%emt 0:00:00]} 4. Ngf3 {[%emt 0:00:18]} Nf6 {[%emt 0:00:08]} 5. e5 {[%emt 0:00:21]} Nfd7 {[%emt 0:00:05]} 6. Bd3 {[%emt 0:00:40]} c5 {[%emt 0:00:06]} 7. c3 {[%emt 0:01:46]} Nc6 {[%emt 0:00:03]} 8. O-O {[%emt 0:01:28]} g5 {[%emt 0:00:05]} 9. dxc5 {[%emt 0:01:07]} Ndxe5 {[%emt 0:00:08]} 10. Bb5 {[%emt 0:06:48]} Bd7 {[%emt 0:00:34]} 11. Qe2 {[%emt 0:13:44]} Ng6 {[%emt 0:07:25]} 12. Nb3 {[%emt 0:06:23]} O-O {[%emt 0:07:13]} 13. Bxc6 {[%emt 0:18:52]} bxc6 {[%emt 0:02:42]} 14. Ne5 {[%emt 0:01:04]} Nxe5 {[%emt 0:07:14]} 15. Qxe5 {[%emt 0:00:02]} a5 {[%emt 0:10:03]} 16. Qg3 {[%emt 0:10:49]} f6 {[%emt 0:00:31]} 17. f4 {[%emt 0:02:12]} Qc7 {[%emt 0:01:17]} 18. Be3 {[%emt 0:01:55]} a4 {[%emt 0:02:57]} 19. Nd2 {[%emt 0:01:57]} Kh8 {[%emt 0:04:29]} 20. fxg5 {[%emt 0:01:14]} Qxg3 {[%emt 0:00:05]} 21. hxg3 {[%emt 0:00:07]} e5 {[%emt 0:03:52]} 22. Nf3 {[%emt 0:07:56]} Kg8 {[%emt 0:13:59]} 23. gxf6 {[%emt 0:07:13]} Bxf6 {[%emt 0:00:16]} 24. Bh6 {[%emt 0:00:10]} Rfe8 {[%emt 0:02:40]} 25. Ng5 {[%emt 0:03:51]} Bxg5 {[%emt 0:06:29]} 26. Bxg5 {[%emt 0:00:02]} Be6 {[%emt 0:02:28]} 27. Rae1 {[%emt 0:05:03]} e4 {[%emt 0:03:09]} 28. Rf6 {[%emt 0:02:00]} Ra7 {[%emt 0:01:28]} 29. Bh6 {[%emt 0:00:49]} Rf7 {[%emt 0:00:45]} 30. Ref1 {[%emt 0:00:22]} Ree7 {[%emt 0:00:09]} 31. g4 {[%emt 0:04:04]} Bxg4 {[%emt 0:04:30]} 32. Rxc6 {[%emt 0:00:36]} e3 {[%emt 0:00:09]} 33. Re1 {[%emt 0:00:36]} e2 {[%emt 0:00:05]} 34. Rd6 {[%emt 0:01:40]} Rf5 {[%emt 0:00:41]} 35. c6 {[%emt 0:00:54]} Kf7 {[%emt 0:00:32]} 36. g3 {[%emt 0:00:53]} Rf3 {[%emt 0:06:10]} 37. Bf4 {[%emt 0:00:37]} Bh3 {[%emt 0:00:15]} 38. Kh2 {[%emt 0:00:27]} Bf5 {[%emt 0:05:52]} 39. Rxd5 {[%emt 0:00:49]} Be4 {[%emt 0:01:38]} 40. Rd7 {[%emt 0:00:00]} Rf2+ {[%emt 0:00:00]} 41. Kh3 {[%emt 0:15:56]} Bf5+ {[%emt 0:03:33]} 42. g4 {[%emt 0:00:25]} Bxd7 {[%emt 0:04:45]} 43. cxd7 Rxd7 {[%emt 0:01:43]} 44. Kg3 {[%emt 0:00:50]} Rf1 {[%emt 0:00:14]} 45. Rxe2 {[%emt 0:00:05]} Rd3+ {[%emt 0:00:07]} 46. Be3 {[%emt 0:01:20]} a3 {[%emt 0:00:48]} 47. bxa3 {[%emt 0:04:00]} Rxc3 {[%emt 0:00:36]} 48. Kg2 {[%emt 0:05:27]} Rd1 {[%emt 0:00:14]} 49. Kf2 {[%emt 0:01:31]} Rxa3 {[%emt 0:00:40]} 50. Bc5 {[%emt 0:00:13]} Ra4 {[%emt 0:00:47]} 51. g5 {[%emt 0:03:44]} Rd5 {[%emt 0:02:48]} 52. Re7+ {[%emt 0:01:36]} Kg6 {[%emt 0:00:04]} 53. Be3 {[%emt 0:00:17]} Rxa2+ {[%emt 0:00:44]} 54. Kf3 {[%emt 0:00:16]} Rf5+ {[%emt 0:03:07]} 55. Kg4 {[%emt 0:01:11]} Ra4+ {[%emt 0:04:17]} 56. Kg3 {[%emt 0:00:03]} Rf7 {[%emt 0:00:44]} 57. Re5 {[%emt 0:01:34]} Rc4 {[%emt 0:00:16]} 58. Rb5 {[%emt 0:00:57]} Rc3 {[%emt 0:02:08]} 59. Rb6+ {[%emt 0:00:41]} Kf5 {[%emt 0:01:08]} 60. Kf3 {[%emt 0:00:00]} Ra3 {[%emt 0:02:09]} 61. Rh6 {[%emt 0:01:00]} Rb3 {[%emt 0:01:34]} 62. Ra6 {[%emt 0:00:08]} Ke5+ {[%emt 0:01:20]} 63. Ke2 {[%emt 0:00:03]} Ke4 {[%emt 0:01:56]} 64. Ra4+ {[%emt 0:00:23]} Kf5 {[%emt 0:00:04]} 65. Ra5+ {[%emt 0:01:06]} Kg4 {[%emt 0:00:16]} 66. Ra4+ {[%emt 0:00:48]} Kg3 {[%emt 0:00:27]} 67. Re4 {[%emt 0:00:33]} Rb2+ {[%emt 0:00:18]} 68. Kd3 {[%emt 0:00:28]} Kf3 {[%emt 0:00:54]} 69. Bc1 {[%emt 0:00:28]} Rb3+ {[%emt 0:04:21]} 70. Kc2 {[%emt 0:00:06]} Kxe4 {[%emt 0:00:21]} 71. Kxb3 {[%emt 0:00:01]} Kd3 {[%emt 0:00:06]} 72. Bb2 {[%emt 0:01:13]} Rf5 {[%emt 0:00:56]} 73. Bf6 {[%emt 0:00:46]} h5 {[%emt 0:01:32]} 74. Be7 {[%emt 0:00:12]} Rf7 {[%emt 0:00:19]} 75. Bf6 {[%emt 0:00:34]} h4 {[%emt 0:00:26]} 76. Bh8 {[%emt 0:00:44]} h3 {[%emt 0:00:35]} 77. g6 {[%emt 0:00:22]} Rb7+ {[%emt 0:00:03]} 0-1

[Event "XIX Najdorf Memorial 2019"]
[Site "Warsaw"]
[Date "2019.07.08"]
[Round "3.10"]
[White "Sieciechowicz, Marcin"]
[Black "Zochowski, Kacper"]
[Result "1-0"]
[WhiteElo "2399"]
[BlackElo "2251"]
[Annotator "NA"]
[PlyCount "103"]
[EventDate "2019.07.06"]
[EventType "swiss"]
[EventCountry "POL"]
[SourceTitle "playchess.com"]
[Source "ChessBase"]
[SourceQuality "1"]
[TimeControl "40/5400+30:1800+30"]

1. d4 {[%emt 0:00:00]} Nf6 {[%emt 0:01:56]} 2. c4 {[%emt 0:00:00]} d6 {[%emt 0:00:11]} 3. Nf3 {[%emt 0:00:04]} g6 {[%emt 0:00:29]} 4. Nc3 {[%emt 0:00:07]} Bg7 {[%emt 0:00:16]} 5. e4 {[%emt 0:00:17]} O-O {[%emt 0:00:19]} 6. Be2 {[%emt 0:00:04]} e5 {[%emt 0:00:40]} 7. Be3 {[%emt 0:00:04]} Ng4 {[%emt 0:00:33]} 8. Bg5 {[%emt 0:00:07]} f6 {[%emt 0:00:04]} 9. Bc1 {[%emt 0:00:12]} Nc6 {[%emt 0:00:20]} 10. d5 {[%emt 0:00:13]} Nd4 {[%emt 0:01:43]} 11. h3 {[%emt 0:25:18]} Nxe2 {[%emt 0:11:51]} 12. Qxe2 {[%emt 0:00:57]} Nh6 {[%emt 0:00:12]} 13. g4 {[%emt 0:00:34]} Nf7 {[%emt 0:08:48]} 14. Be3 {[%emt 0:06:58]} c5 {[%emt 0:05:29]} 15. Nd2 {[%emt 0:05:20]} a6 {[%emt 0:06:40]} 16. f3 {[%emt 0:02:05]} Bh6 {[%emt 0:02:47]} 17. Bxh6 {[%emt 0:01:54]} Nxh6 {[%emt 0:00:17]} 18. h4 {[%emt 0:01:58]} Nf7 {[%emt 0:03:05]} 19. Qe3 {[%emt 0:08:33]} b5 {[%emt 0:09:39]} 20. Kf2 {[%emt 0:04:18]} h6 {[%emt 0:03:28]} 21. h5 {[%emt 0:05:02]} g5 {[%emt 0:01:40]} 22. cxb5 {[%emt 0:01:15]} axb5 {[%emt 0:02:40]} 23. Nxb5 {[%emt 0:00:14]} Rb8 {[%emt 0:02:17]} 24. a4 {[%emt 0:00:47]} Ba6 {[%emt 0:00:44]} 25. Na7 {[%emt 0:02:53]} Rxb2 {[%emt 0:02:39]} 26. Nc6 {[%emt 0:02:23]} Qd7 {[%emt 0:11:44]} 27. Rhb1 {[%emt 0:04:35]} Rb7 {[%emt 0:05:06]} 28. Qc3 {[%emt 0:07:35]} Ra8 {[%emt 0:06:32]} 29. Nc4 {[%emt 0:04:33]} Qc7 {[%emt 0:07:24]} 30. a5 {[%emt 0:03:31]} Bxc4 {[%emt 0:01:10]} 31. Qxc4 {[%emt 0:00:07]} Rxb1 {[%emt 0:00:29]} 32. Rxb1 {[%emt 0:00:02]} Rxa5 {[%emt 0:01:10]} 33. Nxa5 {[%emt 0:00:37]} Qxa5 {[%emt 0:00:04]} 34. Qc2 {[%emt 0:05:10]} Kg7 {[%emt 0:00:14]} 35. Kg2 {[%emt 0:00:21]} Kg8 {[%emt 0:00:44]} 36. Qb2 {[%emt 0:02:27]} Qa4 {[%emt 0:01:47]} 37. Qb3 {[%emt 0:00:27]} Qa5 {[%emt 0:00:10]} 38. Qb2 {[%emt 0:01:22]} Qa4 {[%emt 0:00:10]} 39. Ra1 {[%emt 0:01:29]} Qc4 {[%emt 0:00:43]} 40. Kg3 {[%emt 0:00:00]} Kg7 {[%emt 0:00:00]} 41. Kg2 {[%emt 0:05:03]} Qd3 {[%emt 0:08:08]} 42. Rf1 {[%emt 0:04:00]} f5 {[%emt 0:13:34]} 43. exf5 {[%emt 0:00:23]} Qxd5 {[%emt 0:00:23]} 44. Qc2 {[%emt 0:01:13]} Qa8 {[%emt 0:03:35]} 45. Qc4 {[%emt 0:01:52]} Nd8 {[%emt 0:02:36]} 46. Rd1 {[%emt 0:01:32]} Qb8 {[%emt 0:00:33]} 47. Qd5 {[%emt 0:00:59]} Nf7 {[%emt 0:00:10]} 48. Qe6 {[%emt 0:00:59]} Qb7 {[%emt 0:02:10]} 49. Qg6+ {[%emt 0:01:41]} Kf8 {[%emt 0:00:12]} 50. f6 {[%emt 0:00:36]} Qb3 {[%emt 0:00:30]} 51. Qg7+ {[%emt 0:00:54]} Ke8 {[%emt 0:00:05]} 52. Rxd6 {[%emt 0:00:26]} 1-0

[Event "XIX Najdorf Memorial 2019"]
[Site "Warsaw"]
[Date "2019.07.08"]
[Round "3.11"]
[White "Sliwicki, Damian"]
[Black "Roseneck, Jonas"]
[Result "0-1"]
[WhiteElo "2232"]
[BlackElo "2398"]
[Annotator "NA"]
[PlyCount "84"]
[EventDate "2019.07.06"]
[EventType "swiss"]
[EventCountry "POL"]
[SourceTitle "playchess.com"]
[Source "ChessBase"]
[SourceQuality "1"]
[TimeControl "40/5400+30:1800+30"]

1. e4 {[%emt 0:00:00]} c5 {[%emt 0:00:00]} 2. Nf3 {[%emt 0:00:00]} d6 {[%emt 0:00:00]} 3. d4 {[%emt 0:00:00]} cxd4 {[%emt 0:00:00]} 4. Qxd4 {[%emt 0:00:00]} Nc6 {[%emt 0:00:00]} 5. Bb5 {[%emt 0:00:01]} Bd7 {[%emt 0:00:00]} 6. Bxc6 {[%emt 0:00:07]} Bxc6 {[%emt 0:00:00]} 7. Nc3 {[%emt 0:00:09]} Nf6 {[%emt 0:00:00]} 8. Bg5 {[%emt 0:00:05]} e6 {[%emt 0:00:00]} 9. O-O-O {[%emt 0:00:07]} Be7 {[%emt 0:00:00]} 10. Qd3 {[%emt 0:00:38]} Qa5 {[%emt 0:01:10]} 11. h4 {[%emt 0:00:14]} h6 {[%emt 0:00:11]} 12. Bd2 {[%emt 0:01:31]} Qa6 {[%emt 0:00:21]} 13. Qxa6 {[%emt 0:00:11]} bxa6 {[%emt 0:00:02]} 14. Rhe1 {[%emt 0:00:18]} Ng4 {[%emt 0:01:09]} 15. Re2 {[%emt 0:00:57]} O-O {[%emt 0:00:13]} 16. Nd4 {[%emt 0:06:11]} Bd7 {[%emt 0:00:57]} 17. f3 {[%emt 0:05:07]} Ne5 {[%emt 0:00:01]} 18. Be1 {[%emt 0:00:16]} Rfc8 {[%emt 0:05:31]} 19. Nb3 {[%emt 0:02:26]} Rab8 {[%emt 0:08:54]} 20. Bf2 {[%emt 0:02:20]} Nc4 {[%emt 0:15:14]} 21. e5 {[%emt 0:21:33]} d5 {[%emt 0:20:18]} 22. Rh1 {[%emt 0:13:45]} a5 {[%emt 0:05:16]} 23. Nd1 {[%emt 0:05:34]} f6 {[%emt 0:14:20]} 24. Bxa7 {[%emt 0:04:07]} Rb7 {[%emt 0:01:13]} 25. Bd4 {[%emt 0:05:39]} fxe5 {[%emt 0:06:53]} 26. Bxe5 {[%emt 0:08:13]} Nxe5 {[%emt 0:00:47]} 27. Rxe5 {[%emt 0:00:07]} a4 {[%emt 0:00:27]} 28. Nd2 {[%emt 0:02:03]} Bf6 {[%emt 0:01:53]} 29. f4 {[%emt 0:01:11]} Bxe5 {[%emt 0:00:59]} 30. fxe5 {[%emt 0:00:03]} Be8 {[%emt 0:02:02]} 31. Rh3 {[%emt 0:06:00]} Bg6 {[%emt 0:02:02]} 32. c3 {[%emt 0:00:05]} d4 {[%emt 0:02:25]} 33. c4 {[%emt 0:10:54]} Rc5 {[%emt 0:02:29]} 34. Ra3 {[%emt 0:02:15]} Rb4 {[%emt 0:02:02]} 35. Nf2 {[%emt 0:04:27]} Rxe5 {[%emt 0:00:33]} 36. Nd3 {[%emt 0:00:31]} Re3 37. Nf2 {[%emt 0:00:01]} Re1+ {[%emt 0:03:05]} 38. Nd1 e5 {[%emt 0:01:45]} 39. Rg3 {[%emt 0:01:08]} Bh5 {[%emt 0:00:51]} 40. Nf3 {[%emt 0:00:00]} Rxc4+ {[%emt 0:00:00]} 41. Kd2 {[%emt 0:00:29]} Rxd1+ {[%emt 0:01:17]} 42. Kxd1 {[%emt 0:01:12]} e4 {[%emt 0:00:03]} 0-1

[Event "XIX Najdorf Memorial 2019"]
[Site "Warsaw"]
[Date "2019.07.08"]
[Round "3.11"]
[White "Harazinska, Magdalena"]
[Black "Sedlak, Nikola"]
[Result "0-1"]
[WhiteElo "2004"]
[BlackElo "2586"]
[Annotator "TA"]
[PlyCount "116"]
[EventDate "2019.07.06"]
[EventType "swiss"]
[EventCountry "POL"]
[SourceTitle "playchess.com"]
[Source "ChessBase"]
[SourceQuality "1"]

{[%evp 23,115,66,90,74,68,47,52,56,55,37,96,77,102,45,68,70,108,-50,0,0,0,0,0,0,18,27,17,32,191,208,573,-60,-67,-77,-77,-69,-71,-79,-69,-63,-63,-81,-100,-67,-11,-29,0,0,0,0,0,0,0,-6,-8,-41,-29,-25,0,-66,-66,-112,-108,-92,-81,-92,-91,-83,-95,-191,-198,-207,-206,-221,-220,-216,-195,-951,-943,-921,-895,-941,-924,-862,-795,-29971,-29972,-29972,-29973,-29970,-29970,-29974,-29968,-29999]} 1. d4 Nf6 2. c4 e6 3. Nc3 Bb4 4. e3 d5 5. a3 Bxc3+ 6. bxc3 O-O 7. cxd5 exd5 8. Bd3 c5 9. Ne2 Nc6 10. O-O c4 11. Bc2 b5 12. f3 Re8 13. Ng3 {E49: Nimzo-Indian: Rubinstein: 5 Bd3 d5 6 a3 Bxc3+ 7 bxc3} h5 14. Re1 h4 15. Nh1 {White is slightly better.} a5 16. Nf2 Be6 (16... Bd7 $14) 17. e4 $16 Nh7 $146 ({Predecessor:} 17... Nd7 18. f4 f5 19. exf5 Bf7 20. Be3 Nb6 {1-0 (51) Rajesh,V (2413)-Nirgun,K (1779) Udaipur 2019}) 18. e5 (18. Rb1 $16) 18... b4 19. f4 $1 {And now Bxh7+ would win.} f5 20. exf6 $2 (20. Ba4 $16 Qb6 21. Bb2) 20... Qxf6 21. axb4 axb4 22. Rxa8 Rxa8 23. Qh5 Nf8 24. f5 Bf7 25. Qf3 $1 {Ng4 is the strong threat.} bxc3 $2 (25... Kh8 $14) 26. Ng4 $1 $18 {[%cal Rg4f6]} Qd6 $2 {[#]} (26... Qxd4+ {is a better chance.} 27. Be3 Re8) 27. Qxc3 $2 ({White has to play} 27. f6 $1 $18) 27... Qb4 $1 $15 {[%cal Rb4c3]} 28. Bd2 Qxc3 29. Bxc3 Ra3 $1 {[%cal Ra3c3]} 30. Re3 Nd7 31. Bd1 Na7 $1 32. Bb4 {[#]} Ra1 $1 33. Re1 Rb1 ({Better is} 33... Nb5 $15 34. Kf1 Rb1) 34. Ba5 $1 $11 Nb5 {White must now prevent ...Ra1.} 35. Ba4 $36 {[%mdl 2048] White has some pressure.} Rb2 36. Re7 Nf6 37. Nxf6+ $1 gxf6 38. Bxb5 Rxb5 {[%mdl 4096] Endgame KRB-KRB} 39. Bc3 Bh5 40. h3 Rb3 41. Re3 ({White should try} 41. Be1 $11) 41... Bd1 $15 42. Kf2 Bc2 43. Be1 Rb1 44. Kf3 Bxf5 45. Bxh4 Be4+ 46. Kg4 (46. Kf2 $17) 46... Kf7 $19 ({Don't play} 46... Bxg2 47. Bxf6 Be4 48. h4 $15) 47. Be1 Bxg2 48. h4 Be4 49. Kf4 Rd1 50. Bc3 $2 (50. h5) 50... Rf1+ 51. Kg4 f5+ 52. Kg5 Rg1+ 53. Kf4 Kf6 {[%csl Gf5][%cal Rg1g4]} 54. Rh3 Rg4+ {Black mates.} 55. Ke3 f4+ 56. Kf2 Rg2+ 57. Kf1 f3 58. Be1 Bd3# {Accuracy: White = 39%, Black = 58%.} 0-1

[Event "XIX Najdorf Memorial 2019"]
[Site "Warsaw"]
[Date "2019.07.08"]
[Round "3.12"]
[White "Bernadskiy, Vitaliy"]
[Black "Baum, Jonasz"]
[Result "1/2-1/2"]
[WhiteElo "2594"]
[BlackElo "2308"]
[Annotator "RC"]
[PlyCount "126"]
[EventDate "2019.07.06"]
[EventType "swiss"]
[EventCountry "POL"]
[SourceTitle "playchess.com"]
[Source "ChessBase"]
[SourceQuality "1"]
[TimeControl "40/5400+30:1800+30"]

1. c4 {[%emt 0:00:00]} c5 {[%emt 0:00:00]} 2. Nf3 {[%emt 0:00:00]} g6 {[%emt 0:00:00]} 3. d4 {[%emt 0:00:23]} cxd4 {[%emt 0:00:06]} 4. Nxd4 {[%emt 0:00:03]} Bg7 {[%emt 0:00:06]} 5. e4 {[%emt 0:00:15]} Nc6 {[%emt 0:00:14]} 6. Be3 {[%emt 0:00:43]} Nf6 {[%emt 0:00:05]} 7. Nc3 {[%emt 0:00:07]} O-O {[%emt 0:00:06]} 8. Be2 {[%emt 0:00:34]} d6 {[%emt 0:00:05]} 9. O-O {[%emt 0:00:12]} Nxd4 {[%emt 0:00:05]} 10. Bxd4 {[%emt 0:00:03]} Bd7 {[%emt 0:00:08]} 11. Qd3 {[%emt 0:01:53]} a5 {[%emt 0:00:30]} 12. c5 {[%emt 0:06:45]} dxc5 {[%emt 0:07:24]} 13. Bxc5 {[%emt 0:00:06]} Bc6 {[%emt 0:00:28]} 14. Qe3 {[%emt 0:00:13]} Qc7 {[%emt 0:09:06]} 15. Rac1 {[%emt 0:02:13]} Rfe8 {[%emt 0:03:12]} 16. Rfd1 {[%emt 0:02:55]} Nd7 {[%emt 0:04:51]} 17. Nb5 {[%emt 0:02:14]} Qb8 {[%emt 0:00:35]} 18. Ba7 {[%emt 0:03:35]} Qe5 {[%emt 0:02:29]} 19. Bd4 {[%emt 0:01:46]} Qb8 {[%emt 0:00:32]} 20. Bxg7 {[%emt 0:11:49]} Kxg7 {[%emt 0:00:10]} 21. Nd4 {[%emt 0:15:59]} Rd8 {[%emt 0:04:16]} 22. Qg5 {[%emt 0:05:31]} Qe5 {[%emt 0:02:11]} 23. Qxe5+ {[%emt 0:01:23]} Nxe5 {[%emt 0:00:02]} 24. f4 {[%emt 0:00:11]} Nd7 {[%emt 0:00:08]} 25. Nxc6 {[%emt 0:00:17]} bxc6 {[%emt 0:00:01]} 26. Rxc6 {[%emt 0:00:18]} Nf6 {[%emt 0:00:53]} 27. Rxd8 {[%emt 0:02:20]} Rxd8 {[%emt 0:00:05]} 28. Bf3 {[%emt 0:00:02]} Rd4 {[%emt 0:06:17]} 29. Rc5 {[%emt 0:09:35]} a4 {[%emt 0:15:35]} 30. e5 {[%emt 0:00:56]} Ne4 {[%emt 0:00:16]} 31. Rc2 {[%emt 0:01:55]} e6 {[%emt 0:03:09]} 32. g3 {[%emt 0:04:02]} g5 {[%emt 0:03:51]} 33. fxg5 {[%emt 0:01:48]} Kg6 {[%emt 0:01:22]} 34. Bxe4+ {[%emt 0:03:41]} Rxe4 {[%emt 0:00:02]} 35. h4 {[%emt 0:00:12]} Rxe5 {[%emt 0:01:58]} 36. Kf2 {[%emt 0:00:07]} Rb5 {[%emt 0:04:25]} 37. Kf3 {[%emt 0:00:28]} h6 {[%emt 0:07:43]} 38. gxh6 {[%emt 0:02:58]} Kxh6 {[%emt 0:00:17]} 39. g4 {[%emt 0:00:27]} Kg7 {[%emt 0:03:16]} 40. a3 {[%emt 0:00:00]} Kg6 {[%emt 0:00:00]} 41. Kf4 {[%emt 0:01:13]} Kh6 {[%emt 0:04:36]} 42. Ke4 {[%emt 0:03:30]} Kg6 {[%emt 0:11:47]} 43. Rf2 {[%emt 0:01:23]} Rb3 {[%emt 0:13:45]} 44. Ke5 {[%emt 0:02:35]} Rb5+ {[%emt 0:04:41]} 45. Kd6 {[%emt 0:01:03]} Rb6+ {[%emt 0:00:25]} 46. Ke5 {[%emt 0:04:27]} Rb5+ {[%emt 0:00:07]} 47. Kd4 {[%emt 0:00:03]} Rb3 {[%emt 0:07:25]} 48. h5+ {[%emt 0:00:20]} Kg5 {[%emt 0:01:15]} 49. Rxf7 {[%emt 0:00:58]} Kxg4 {[%emt 0:00:17]} 50. h6 {[%emt 0:00:16]} Rxb2 {[%emt 0:00:10]} 51. h7 {[%emt 0:00:33]} Rh2 {[%emt 0:00:06]} 52. Ke5 {[%emt 0:01:11]} Rh6 {[%emt 0:01:06]} 53. Rf4+ {[%emt 0:02:36]} Kg3 {[%emt 0:01:10]} 54. Rxa4 {[%emt 0:04:36]} Rxh7 {[%emt 0:00:08]} 55. Ra8 {[%emt 0:01:01]} Rh1 {[%emt 0:02:46]} 56. Kxe6 {[%emt 0:00:46]} Kf4 {[%emt 0:02:33]} 57. a4 {[%emt 0:10:45]} Ke4 {[%emt 0:00:13]} 58. Rd8 {[%emt 0:06:53]} Rh6+ {[%emt 0:00:30]} 59. Kd7 {[%emt 0:00:24]} Ra6 {[%emt 0:00:08]} 60. Rh8 {[%emt 0:00:44]} Kd5 {[%emt 0:00:20]} 61. Rh4 {[%emt 0:00:40]} Kc5 {[%emt 0:00:38]} 62. Kc7 {[%emt 0:00:22]} Ra7+ {[%emt 0:00:31]} 63. Kb8 {[%emt 0:00:09]} Rg7 {[%emt 0:00:24]} 1/2-1/2

[Event "XIX Najdorf Memorial 2019"]
[Site "Warsaw"]
[Date "2019.07.08"]
[Round "3.12"]
[White "Kopylov, Daniel"]
[Black "Krysztofiak, Marcin"]
[Result "0-1"]
[WhiteElo "2209"]
[BlackElo "2382"]
[Annotator "NA"]
[PlyCount "52"]
[EventDate "2019.07.06"]
[EventType "swiss"]
[EventCountry "POL"]
[SourceTitle "playchess.com"]
[Source "ChessBase"]
[SourceQuality "1"]
[TimeControl "40/5400+30:1800+30"]

1. e4 {[%emt 0:00:00]} c6 {[%emt 0:00:00]} 2. d4 {[%emt 0:00:05]} d5 {[%emt 0:00:00]} 3. exd5 {[%emt 0:00:31]} cxd5 {[%emt 0:00:00]} 4. c4 {[%emt 0:00:27]} Nf6 {[%emt 0:00:31]} 5. Nc3 {[%emt 0:00:16]} Nc6 {[%emt 0:01:25]} 6. Bg5 {[%emt 0:03:38]} e6 {[%emt 0:02:07]} 7. Nf3 {[%emt 0:01:39]} Be7 {[%emt 0:01:26]} 8. c5 {[%emt 0:01:40]} O-O {[%emt 0:01:19]} 9. Rc1 {[%emt 0:01:12]} h6 {[%emt 0:27:47]} 10. Bh4 {[%emt 0:08:58]} Ne4 {[%emt 0:04:53]} 11. Bxe7 {[%emt 0:02:00]} Qxe7 {[%emt 0:00:13]} 12. Bd3 {[%emt 0:01:26]} Ng5 {[%emt 0:03:56]} 13. Bb1 {[%emt 0:08:56]} Nxf3+ {[%emt 0:17:37]} 14. Qxf3 {[%emt 0:01:42]} Nxd4 {[%emt 0:00:44]} 15. Qd3 {[%emt 0:27:33]} Nf5 {[%emt 0:00:19]} 16. g4 {[%emt 0:04:05]} Qg5 {[%emt 0:00:32]} 17. gxf5 {[%emt 0:00:25]} Qxc1+ {[%emt 0:00:23]} 18. Ke2 {[%emt 0:00:08]} Qxh1 {[%emt 0:10:06]} 19. f6 {[%emt 0:06:09]} g6 {[%emt 0:00:46]} 20. Qg3 {[%emt 0:01:08]} Qc1 {[%emt 0:06:45]} 21. h4 {[%emt 0:00:17]} Kh8 {[%emt 0:03:20]} 22. f4 {[%emt 0:02:01]} e5 {[%emt 0:04:35]} 23. fxe5 {[%emt 0:02:07]} d4 {[%emt 0:01:51]} 24. Bxg6 {[%emt 0:00:29]} Qxb2+ {[%emt 0:02:02]} 25. Kd1 {[%emt 0:00:40]} Qxc3 {[%emt 0:00:29]} 26. Bd3 {[%emt 0:01:44]} Bg4+ {[%emt 0:01:28]} 0-1